00421 a2200133 4500001000700000040003500007100002000042240003500062245003000097697002400127942000700151952011000158999001900268146765 cEscola São Tomás de Aquino aLARREULA, Enric10aOs amores da Bruxa Onildalpor10aOs amores da Bruxa Onilda a*LITERATURA INFANTO cBK 00104070a12.22b12.22d2024-04-30l0o028.52 LAR AMOpEST00000638r2024-04-30 22:05:37w2024-04-30yBK c146765d146765